Представление документа в формате RUSMARC

ПолеНазваниеЗначение
  Тип записи a
  Библиографический уровень m
001 Контрольный номер RU/SLIB/B/208780055
005 Дата корректировки 20201206204338.3
010 Индекс ISBN __
a ISBN 5-93020-300-8
d Цена 600-00; 50-00
101 Язык документа __
a Язык текста rus
c Язык оригинала rus
200 Заглавие и сведения об ответственности 1_
a Заглавие Религия и церковь в Тюменском крае
e Сведения, относящиеся к заглавию опыт библиографии : в 3 ч.
f Первые сведения об ответственности Артур Чернышов
b Общее обозначение материала Текст
h Номер части Ч. 3
210 Выходные данные __
a Место издания Тюмень
c Издательство Мандр и К°
d Дата издания 2004
215 Физическое описание __
a Объем 272 с.
300 Общие примечания __
a Общие примечания Дар
320 Библиография __
a Библиография Указ. авт.: с. 161-170.- Указ. имен: с. 171-186.- Географ. указ.: с. 187-201.- Указ. культовых и гражд. организаций: с. 202-220
330 Аннотация __
a Аннотация Аннотированная систематизация материалов по истории религии и атеизма в Тюменском крае с древнейших времен до наших дней.
606 Тематические рубрики __
a Основная рубрика Литература универсального содержания
606 Тематические рубрики __
a Основная рубрика Библиографические пособия
606 Тематические рубрики __
a Основная рубрика Религия. Мистика. Свободомыслие
y Географическая подрубрика Россия; Тюменская область; Западная Сибирь
606 Тематические рубрики __
a Основная рубрика Христианство в целом
606 Тематические рубрики __
a Основная рубрика Православие
610 Ключевые слова __
a Ключевые слова отдельные религии; свободомыслие; атеизм; религиозная литература; библиографическая информация; атеистическая пропаганда; история религии; библиографические записи; библиографические данные
686 Индексы других классификаций __
a Классификационный индекс 91.9:86
686 Индексы других классификаций __
a Классификационный индекс 86.3я1
700 Автор _1
a Фамилия Чернышов
b Имя А. В.
g Полное личное имя Артур Васильевич
4 Код отношения 070
801 Источник записи _0
a Страна RU
b Организация Муниципальное бюджетное учреждение культуры "Централизованная библиотечная система" г. Сургут (Центральная городская библиотека им. А. С. Пушкина)
g Правила каталогизации КиК/Поспелова; КиК/Елгина
801 Источник записи _1
a Страна RU
b Организация Муниципальное бюджетное учреждение культуры "Централизованная библиотечная система" г. Сургут (Центральная городская библиотека им. А. С. Пушкина)
g Правила каталогизации КиК/Поспелова; КиК/Елгина
852 Данные о местонахождении __
j Шифр хранения 91.9:86
i Авторский знак Ч-49
p Инвентарный номер 06010122
901 Тип документа __
t Тип документа m
903 Характеристики (МАРС) __
a Дата передачи 20060427; 20051226
969 Тип издания __
a Тип издания библиографический указатель
990 Данные о заказе (DOS) __
j Количество экземпляров (DOS) 1; 1
t N записи в КСУ для И/У (DOS) 200605; 200601